[Event "Hoogeveen Unive op 17th"]
[Site "Hoogeveen"]
[Date "2013.10.24"]
[Round "7"]
[White "Slingerland, Caroline"]
[Black "Vos, Tjark"]
[Result "1/2-1/2"]
[WhiteElo "2084"]
[BlackElo "2097"]
[PlyCount "45"]
[EventDate "2013.10.18"]
[EventType "swiss"]
[EventRounds "9"]
[EventCountry "NED"]
[SourceTitle "EXT 2014"]
[Source "ChessBase"]
[SourceDate "2013.11.20"]
[SourceVersion "1"]
[SourceVersionDate "2013.11.20"]
[SourceQuality "1"]

1. d4 Nf6 2. Nc3 d5 3. Bg5 Nbd7 4. e3 e6 5. a3 c5 6. Nf3 Be7 7. Be2 0-0 8. 0-0 a6 9. h3 b5 10. Bf4 Bb7 11. Ne5 Rc8 12. Nxd7 Nxd7 13. Bf3 Bf6 14. Qd2 Nb6 15. Be2 cxd4 16. exd4 Nc4 17. Bxc4 Rxc4 18. Ne2 Qb6 19. c3 a5 20. Ng3 Rfc8 21. Nh5 Qd8 22. Nxf6+ Qxf6 23. Bd6 1/2-1/2

[Event "Hoogeveen Unive op"]
[Site "Hoogeveen"]
[Date "2010.10.29"]
[Round "8"]
[White "Slingerland, Caroline"]
[Black "Hoffman, Ron"]
[Result "1-0"]
[WhiteElo "2081"]
[BlackElo "2123"]
[PlyCount "133"]
[EventDate "2010.10.22"]
[EventType "swiss"]
[EventRounds "9"]
[EventCountry "NED"]
[SourceTitle "EXT 2011"]
[Source "ChessBase"]
[SourceDate "2010.11.26"]
[SourceVersion "1"]
[SourceVersionDate "2010.11.26"]
[SourceQuality "1"]

1. e4 g6 2. d4 Bg7 3. Be3 c5 4. Nc3 cxd4 5. Bxd4 Bxd4 6. Qxd4 Nf6 7. e5 Nc6 8. Qf4 Nh5 9. Qe3 0-0 10. 0-0-0 Qa5 11. Rd5 Qb6 12. Qd2 f6 13. g4 Ng7 14. exf6 Rxf6 15. Ne4 Rf8 16. Nh3 e6 17. Rd3 Ne5 18. Rg3 d5 19. Qh6 Ne8 20. Neg5 Qc7 21. f4 Nc6 22. Bd3 Qg7 23. Qh4 Bd7 24. Rf1 Nd6 25. Re3 Rae8 26. Rfe1 Nd8 27. Nf3 Ne4 28. Bxe4 dxe4 29. Nfg5 Bc6 30. Nxe4 Bd5 31. Nc3 Bg2 32. Ne4 Bxh3 33. Qxh3 Rxf4 34. g5 Ref8 35. Nf6+ Kh8 36. Re4 Rxe4 37. Rxe4 h5 38. Rh4 Rxf6 39. gxf6 Qxf6 40. Re4 Kg7 41. Qe3 Nc6 42. Rxe6 Qf1+ 43. Kd2 Qg2+ 44. Kc3 Qxh2 45. b4 Qh4 46. a3 a6 47. Re4 Qf6+ 48. Kb3 Qa1 49. c4 Qb1+ 50. Kc3 Qa1+ 51. Kd2 Qb2+ 52. Ke1 Qc2 53. Kf1 Qa2 54. Kg1 Qc2 55. Rf4 Qb2 56. Qf2 Qa1+ 57. Kg2 Ne5 58. Qd4 Qxd4 59. Rxd4 Kf6 60. b5 axb5 61. cxb5 Ke6 62. a4 Nd7 63. a5 Nc5 64. Rd8 Ke7 65. Rd5 Ne6 66. Re5 Kd6 67. Rxe6+ 1-0

[Event "Hoogeveen Unive op"]
[Site "Hoogeveen"]
[Date "2010.10.26"]
[Round "5"]
[White "Slingerland, Caroline"]
[Black "Haslinger, Stewart"]
[Result "0-1"]
[WhiteElo "2081"]
[BlackElo "2543"]
[PlyCount "68"]
[EventDate "2010.10.22"]
[EventType "swiss"]
[EventRounds "9"]
[EventCountry "NED"]
[SourceTitle "EXT 2011"]
[Source "ChessBase"]
[SourceDate "2010.11.26"]
[SourceVersion "1"]
[SourceVersionDate "2010.11.26"]
[SourceQuality "1"]

1. e4 d6 2. d4 Nf6 3. Nc3 e5 4. f4 exd4 5. Qxd4 Nc6 6. Qd1 g6 7. Bd3 Bg7 8. Nf3 0-0 9. 0-0 Nb4 10. f5 Nxd3 11. Qxd3 c6 12. Bg5 h6 13. Bh4 gxf5 14. Nd4 Qb6 15. Na4 Qb4 16. Nxf5 Bxf5 17. Rxf5 Nh7 18. c4 Qxa4 19. Be7 Rfe8 20. Bxd6 Rad8 21. Raf1 Rd7 22. e5 Qxa2 23. b3 Re6 24. h4 Bxe5 25. Rxe5 Rdxd6 26. Qf5 Rf6 27. Qc8+ Kg7 28. Rff5 Rd2 29. Re8 Rxg2+ 30. Kf1 Rf2+ 31. Kg1 Rg6+ 32. Rg5 Rg2+ 33. Kh1 Rh2+ 34. Kg1 Qf2# 0-1

[Event "Hoogeveen Unive op"]
[Site "Hoogeveen"]
[Date "2010.10.25"]
[Round "4"]
[White "Caspi, Israel"]
[Black "Slingerland, Caroline"]
[Result "1/2-1/2"]
[WhiteElo "2457"]
[BlackElo "2081"]
[PlyCount "77"]
[EventDate "2010.10.22"]
[EventType "swiss"]
[EventRounds "9"]
[EventCountry "NED"]
[SourceTitle "EXT 2011"]
[Source "ChessBase"]
[SourceDate "2010.11.26"]
[SourceVersion "1"]
[SourceVersionDate "2010.11.26"]
[SourceQuality "1"]

1. e4 c5 2. Nf3 e6 3. d4 cxd4 4. Nxd4 Nf6 5. Nc3 Nc6 6. Ndb5 Bb4 7. a3 Bxc3+ 8. Nxc3 d5 9. exd5 exd5 10. Bd3 0-0 11. 0-0 d4 12. Ne2 Bg4 13. Bg5 Qd6 14. Qd2 Rfe8 15. Rfe1 Bh5 16. Qf4 Re6 17. Qxd6 Rxd6 18. Nf4 Bg6 19. Nxg6 hxg6 20. Bf4 Rd7 21. Kf1 Nd5 22. Bg3 Nb6 23. Rad1 Rc8 24. h4 Na4 25. Bb5 Nc5 26. b4 Ne6 27. Re4 a6 28. Bc4 Ncd8 29. Bb3 b5 30. Ke2 Rc3 31. Rd3 a5 32. Kd2 axb4 33. axb4 Rxd3+ 34. cxd3 Kf8 35. Re5 Rb7 36. Rd5 Ke8 37. Rd6 Ke7 38. Bd5 Rd7 39. Rxd7+ 1/2-1/2

[Event "Hoogeveen Unive op"]
[Site "Hoogeveen"]
[Date "2010.10.24"]
[Round "3"]
[White "Slingerland, Caroline"]
[Black "Negi, Parimarjan"]
[Result "0-1"]
[WhiteElo "2081"]
[BlackElo "2596"]
[PlyCount "66"]
[EventDate "2010.10.22"]
[EventType "swiss"]
[EventRounds "9"]
[EventCountry "NED"]
[SourceTitle "EXT 2011"]
[Source "ChessBase"]
[SourceDate "2010.11.26"]
[SourceVersion "1"]
[SourceVersionDate "2010.11.26"]
[SourceQuality "1"]

1. e4 c5 2. Nf3 d6 3. d4 cxd4 4. Nxd4 Nf6 5. Nc3 a6 6. f4 e6 7. Nf3 b5 8. a3 Bb7 9. Bd3 g6 10. 0-0 Bg7 11. Kh1 Nbd7 12. Qe1 0-0 13. Qh4 Nh5 14. Qh3 f5 15. Ng5 Qf6 16. Be3 Rae8 17. Rae1 h6 18. Nf3 Qf7 19. Nd2 Nc5 20. e5 Nxd3 21. cxd3 dxe5 22. fxe5 g5 23. d4 Qg6 24. Kg1 f4 25. Bf2 g4 26. Qh4 Rf5 27. Nde4 Bf8 28. Nf6+ Nxf6 29. exf6 Rh5 30. f7+ Kxf7 31. Bg3 Rxh4 32. Rxf4+ Kg8 33. Bxh4 Bg7 0-1

[Event "NED-ch (Women)"]
[Site "Eindhoven"]
[Date "2010.06.19"]
[Round "9"]
[White "Slingerland, Caroline"]
[Black "Muhren, Bianca"]
[Result "1/2-1/2"]
[WhiteElo "2080"]
[BlackElo "2295"]
[PlyCount "109"]
[EventDate "2010.06.11"]
[EventType "tourn"]
[EventRounds "10"]
[EventCountry "NED"]
[SourceTitle "CBM 136 Extra"]
[Source "ChessBase"]
[SourceDate "2010.07.02"]
[SourceVersion "2"]
[SourceVersionDate "2010.07.15"]
[SourceQuality "1"]

1. e4 c5 2. Nf3 Nc6 3. d4 cxd4 4. Nxd4 Qb6 5. Nb3 Nf6 6. Nc3 e6 7. Bd3 a6 8. Qe2 Qc7 9. Bg5 Be7 10. 0-0-0 b5 11. Rhe1 b4 12. Nb1 d6 13. f4 h6 14. Bh4 g5 15. fxg5 Nh7 16. N1d2 hxg5 17. Bg3 Nf8 18. h3 Nd7 19. Nc4 Nde5 20. Nxe5 dxe5 21. Bf2 Bb7 22. Kb1 Na5 23. Nxa5 Qxa5 24. Bc4 Bc6 25. Bg3 Ba4 26. Rf1 Rc8 27. Bd3 Qc5 28. Rc1 Bb5 29. c4 Bd7 30. Bf2 Qa5 31. Be3 f6 32. Qf2 Rb8 33. b3 Qc7 34. Rc2 Bc6 35. Kb2 Qb7 36. Bc5 Rd8 37. Rd2 0-0 38. Bxe7 Qxe7 39. h4 Qg7 40. Bc2 Rxd2 41. Qxd2 gxh4 42. Rh1 Qg4 43. Qf2 Qf4 44. Qe2 Rd8 45. Rf1 Rd2 46. Qe1 Qg5 47. Kb1 Rxg2 48. Qxb4 Rg1 49. Qb8+ Be8 50. Qxe8+ Kg7 51. Qe7+ Kg6 52. Qe8+ Kg7 53. Qe7+ Kg6 54. Qe8+ Kg7 55. Qe7+ 1/2-1/2

[Event "Dieren op"]
[Site "Dieren"]
[Date "2006.08.03"]
[Round "9"]
[White "Slingerland, Caroline"]
[Black "Van de Peut, Aart A"]
[Result "1/2-1/2"]
[WhiteElo "2070"]
[BlackElo "2027"]
[PlyCount "43"]
[EventDate "2006.07.25"]
[EventType "swiss"]
[EventRounds "9"]
[EventCountry "NED"]
[SourceTitle "CBM 113 Extra"]
[Source "ChessBase"]
[SourceDate "2006.09.14"]
[SourceVersion "1"]
[SourceVersionDate "2006.09.14"]
[SourceQuality "1"]

1. e4 e6 2. d4 d5 3. Nc3 Bb4 4. e5 c5 5. a3 Bxc3+ 6. bxc3 Ne7 7. Qg4 Qc7 8. Bd3 cxd4 9. Ne2 dxc3 10. Qxg7 Rg8 11. Qxh7 Nbc6 12. Bf4 Bd7 13. 0-0 0-0-0 14. Bg3 Nxe5 15. Nd4 N7c6 16. Nb5 Qb8 17. Rfe1 f5 18. Qh5 Rg4 19. Be2 Rgg8 20. Bd3 Rg4 21. Be2 Rg7 22. Bd3 1/2-1/2

[Event "Dieren op"]
[Site "Dieren"]
[Date "2006.07.31"]
[Round "6"]
[White "Slingerland, Caroline"]
[Black "Van Geffen, Ben"]
[Result "1/2-1/2"]
[WhiteElo "2070"]
[BlackElo "2116"]
[PlyCount "103"]
[EventDate "2006.07.25"]
[EventType "swiss"]
[EventRounds "9"]
[EventCountry "NED"]
[SourceTitle "CBM 113 Extra"]
[Source "ChessBase"]
[SourceDate "2006.09.14"]
[SourceVersion "1"]
[SourceVersionDate "2006.09.14"]
[SourceQuality "1"]

1. e4 e5 2. Nf3 Nc6 3. d4 exd4 4. Nxd4 Bc5 5. Nxc6 Qf6 6. Qd2 dxc6 7. Nc3 Be6 8. Na4 Rd8 9. Bd3 Bd4 10. c3 Bxf2+ 11. Qxf2 Rxd3 12. Qxf6 Nxf6 13. Nc5 Rd8 14. Nxb7 Rb8 15. Nc5 Rb5 16. b4 Nxe4 17. a4 Rxc5 18. bxc5 Bc4 19. Be3 0-0 20. Rb1 Re8 21. Rb4 Ba6 22. c4 Nxc5 23. Kd1 Nd3 24. Rb1 c5 25. Kd2 Bxc4 26. Kc3 Ba6 27. Rhd1 c4 28. Bxa7 f5 29. Rb8 Kf7 30. Rxe8 Kxe8 31. Rb1 g5 32. Rb8+ Kf7 33. Rh8 Kg6 34. Bb8 f4 35. Bxc7 Bb7 36. Kxc4 Ne1 37. Bb6 Bxg2 38. a5 Nf3 39. Bf2 Nxh2 40. Kc3 Ng4 41. Bd4 Bf1 42. Ra8 Kh5 43. a6 Kh4 44. a7 h5 45. Rg8 Bg2 46. a8Q Bxa8 47. Rxa8 f3 48. Kd2 Kg3 49. Rg8 h4 50. Rxg5 h3 51. Be5+ Kh4 52. Rxg4+ 1/2-1/2

[Event "Dieren op"]
[Site "Dieren"]
[Date "2006.07.26"]
[Round "2"]
[White "Slingerland, Caroline"]
[Black "Markus, John Raymond"]
[Result "1/2-1/2"]
[WhiteElo "2070"]
[BlackElo "2220"]
[PlyCount "51"]
[EventDate "2006.07.25"]
[EventType "swiss"]
[EventRounds "9"]
[EventCountry "NED"]
[SourceTitle "CBM 113 Extra"]
[Source "ChessBase"]
[SourceDate "2006.09.14"]
[SourceVersion "1"]
[SourceVersionDate "2006.09.14"]
[SourceQuality "1"]

1. e4 e5 2. Nf3 Nc6 3. d4 exd4 4. Nxd4 Nf6 5. Nc3 Bb4 6. Nxc6 bxc6 7. Bd3 d5 8. exd5 cxd5 9. 0-0 0-0 10. Bg5 c6 11. Qf3 Be7 12. Rae1 Rb8 13. b3 Bb4 14. Qg3 Be6 15. Qh4 h5 16. Bd2 Re8 17. Re5 Bd6 18. Rg5 Rb4 19. f4 g6 20. a3 Rd4 21. Qg3 Rxd3 22. Qxd3 Nh7 23. Rg3 h4 24. Rgf3 Bg4 25. f5 g5 26. Kh1 1/2-1/2

[Event "La Fere op 4th"]
[Site "La Fere"]
[Date "2005.07.07"]
[Round "8"]
[White "Afek, Yochanan"]
[Black "Slingerland, Caroline"]
[Result "1/2-1/2"]
[WhiteElo "2389"]
[BlackElo "2065"]
[PlyCount "85"]
[EventDate "2005.07.02"]
[EventType "swiss"]
[EventRounds "9"]
[EventCountry "FRA"]
[SourceTitle "CBM 107 Extra"]
[Source "ChessBase"]
[SourceDate "2005.09.01"]
[SourceVersion "1"]
[SourceVersionDate "2005.09.01"]
[SourceQuality "1"]

1. e4 d5 2. exd5 Nf6 3. c4 c6 4. d4 cxd5 5. Nc3 Nc6 6. Nf3 Bg4 7. cxd5 Nxd5 8. Qb3 Bxf3 9. gxf3 e6 10. Qxb7 Nxd4 11. Bb5+ Nxb5 12. Qc6+ Ke7 13. Qxb5 Nxc3 14. bxc3 Qd5 15. Qe2 f6 16. 0-0 Kf7 17. Rd1 Qc6 18. Qe4 Qxe4 19. fxe4 Bc5 20. Rd7+ Kg6 21. Kf1 Rhd8 22. Rxd8 Rxd8 23. Ke2 Rb8 24. f3 e5 25. Kd3 Kf7 26. Kc4 Bf2 27. Ba3 Rc8+ 28. Kd3 Rxc3+ 29. Kxc3 Bd4+ 30. Kc4 Bxa1 31. Bc5 a6 32. Kb4 Bd4 33. Bxd4 exd4 34. Kc4 d3 35. Kxd3 Ke6 36. Kd4 Kd6 37. f4 g5 38. Ke3 Ke6 39. Kf3 h5 40. Kg3 a5 41. a4 Kf7 42. e5 Ke6 43. exf6 1/2-1/2

[Event "NED-ch (Women)"]
[Site "Rotterdam"]
[Date "2000.09.01"]
[Round "10"]
[White "Peng, Zhaoqin"]
[Black "Slingerland, Caroline"]
[Result "1-0"]
[WhiteElo "2403"]
[BlackElo "2096"]
[PlyCount "71"]
[EventDate "2000.08.22"]
[EventType "tourn"]
[EventRounds "10"]
[EventCountry "NED"]
[SourceTitle "CBM 077 Extra"]
[Source "ChessBase"]
[SourceDate "2000.09.14"]
[SourceVersion "1"]
[SourceVersionDate "2000.09.14"]
[SourceQuality "1"]

1. d4 Nf6 2. c4 c5 3. d5 e6 4. Nc3 exd5 5. cxd5 d6 6. Nf3 g6 7. h3 Bg7 8. e4 0-0 9. Bd3 Re8 10. 0-0 c4 11. Bc2 a6 12. a4 Nbd7 13. Re1 Qc7 14. Bg5 Rb8 15. a5 b5 16. axb6 Rxb6 17. Ra2 Nc5 18. Be3 Nfd7 19. Bd4 Bxd4 20. Qxd4 Nb3 21. Bxb3 cxb3 22. Raa1 Qc5 23. Qd2 Rb4 24. Rac1 Qb6 25. Qh6 f6 26. Re3 Nf8 27. e5 dxe5 28. Ne4 Bd7 29. Rc6 Bxc6 30. Nxf6+ Kf7 31. Nxh7 Nxh7 32. Nxe5+ Rxe5 33. Qxh7+ Kf8 34. Qh8+ Kf7 35. Qxe5 Bb5 36. Qe7+ 1-0

[Event "NED-ch (Women)"]
[Site "Rotterdam"]
[Date "2000.08.30"]
[Round "8"]
[White "De Blecourt, Sandra"]
[Black "Slingerland, Caroline"]
[Result "1-0"]
[WhiteElo "2033"]
[BlackElo "2096"]
[PlyCount "141"]
[EventDate "2000.08.22"]
[EventType "tourn"]
[EventRounds "10"]
[EventCountry "NED"]
[SourceTitle "CBM 077 Extra"]
[Source "ChessBase"]
[SourceDate "2000.09.14"]
[SourceVersion "1"]
[SourceVersionDate "2000.09.14"]
[SourceQuality "1"]

1. d4 c5 2. d5 e6 3. c4 exd5 4. cxd5 d6 5. Nc3 g6 6. e4 Bg7 7. Bd3 Nf6 8. Nge2 0-0 9. 0-0 Na6 10. h3 Nc7 11. a4 Rb8 12. Bg5 h6 13. Be3 Re8 14. Qc1 Kh7 15. Ng3 b6 16. f4 Nfxd5 17. Nxd5 Nxd5 18. Bd2 Nc7 19. f5 Ba6 20. Bxa6 Nxa6 21. Qc4 Nb4 22. Qxf7 Qf6 23. fxg6+ Qxg6 24. Nh5 Rf8 25. Nf6+ Qxf6 26. Rxf6 Rxf7 27. Rxf7 Kg6 28. Rd7 Be5 29. Bc3 Nc2 30. Rf1 Nd4 31. Kh1 a6 32. Ra7 a5 33. Rff7 h5 34. Rab7 Rc8 35. Rf1 Rc6 36. Rf8 h4 37. Rfb8 Bf4 38. Be1 c4 39. Rxb6 Rc5 40. Rd8 Ne2 41. Rb5 Rc7 42. Rg8+ Kf7 43. Rh8 Kg6 44. Rxh4 Be5 45. Rg4+ Kh7 46. Bc3 Nxc3 47. bxc3 Kh6 48. Rxe5 dxe5 49. Rg8 Rd7 50. Rc8 Kg5 51. Rxc4 Kf4 52. Kh2 Ke3 53. h4 Kd3 54. Rc5 Kxe4 55. Kg3 Rg7+ 56. Kf2 Rf7+ 57. Ke2 Rg7 58. g4 Kf4 59. g5 Rh7 60. g6 Rxh4 61. Rxa5 Rg4 62. Ra6 e4 63. Rb6 Rg2+ 64. Kf1 Rg3 65. a5 Rxc3 66. g7 Rg3 67. Rb7 Kf3 68. Rf7+ Ke3 69. a6 Kd2 70. a7 e3 71. Rd7+ 1-0

[Event "NED-ch qual (Women)"]
[Site "Rotterdam"]
[Date "1999.11.16"]
[Round "5.1"]
[White "Slingerland, Caroline"]
[Black "Harmsen, Jessica MM"]
[Result "1/2-1/2"]
[WhiteElo "2110"]
[BlackElo "2170"]
[PlyCount "63"]
[EventDate "1999.11.08"]
[EventType "k.o."]
[EventRounds "5"]
[EventCountry "NED"]
[SourceTitle "CBM 073 Extra"]
[Source "ChessBase"]
[SourceDate "2000.01.11"]
[SourceVersion "1"]
[SourceVersionDate "2000.01.11"]
[SourceQuality "1"]

1. e4 e6 2. d4 d5 3. Nc3 Bb4 4. e5 Qd7 5. a3 Bxc3+ 6. bxc3 b6 7. Qg4 f5 8. Qg3 Bb7 9. Nh3 Nc6 10. Nf4 0-0-0 11. Bb5 a6 12. Bd3 Na5 13. 0-0 h6 14. Qg6 Re8 15. Nxe6 Ne7 16. Qf7 g5 17. f4 g4 18. a4 Kb8 19. Bxf5 Bc8 20. Bxg4 Rhg8 21. Bh3 Qc6 22. Ba3 Qxc3 23. Kh1 Bxe6 24. Qxe6 Nec6 25. Qxd5 Nxd4 26. Rab1 Rd8 27. Qa2 Nac6 28. Bb2 Qxc2 29. Rbc1 Qd2 30. Rcd1 Qe2 31. Rde1 Qd2 32. Rd1 1/2-1/2

[Event "NED-ch (Women)"]
[Site "Rheden"]
[Date "1995.??.??"]
[Round "?"]
[White "De Mie, Mariska"]
[Black "Slingerland, Caroline"]
[Result "1/2-1/2"]
[WhiteElo "2010"]
[BlackElo "2260"]
[PlyCount "101"]
[EventDate "1995.??.??"]
[EventType "tourn"]
[EventRounds "9"]
[EventCountry "NED"]
[SourceTitle "EXT 2006"]
[Source "ChessBase"]
[SourceDate "2005.11.24"]
[SourceVersion "1"]
[SourceVersionDate "2005.11.24"]
[SourceQuality "1"]

1. e4 c5 2. Nf3 e6 3. d4 cxd4 4. Nxd4 Nc6 5. Nc3 Qc7 6. Be3 a6 7. f4 b5 8. Qf3 Bb7 9. 0-0-0 Rc8 10. Bd3 Nf6 11. g4 Nxd4 12. Bxd4 b4 13. Ne2 Qc6 14. Ng3 d6 15. Rhf1 Nd7 16. Nh5 Rg8 17. Kb1 Nc5 18. Rde1 Rc7 19. Qe3 h6 20. e5 d5 21. f5 Kd8 22. fxe6 fxe6 23. g5 hxg5 24. Qxg5+ Kc8 25. Qg6 Rh8 26. Rf7 Ne4 27. Rxc7+ Kxc7 28. Bxe4 dxe4 29. c3 e3 30. Qf7+ Qd7 31. Qxd7+ Kxd7 32. Nf4 Be4+ 33. Ka1 Rxh2 34. Bxe3 bxc3 35. Rd1+ Ke8 36. bxc3 Ba3 37. Bc1 Bxc1 38. Rxc1 Bf5 39. Rg1 Kf7 40. Rg2 Rh1+ 41. Kb2 Re1 42. Re2 Rb1+ 43. Ka3 g5 44. Nh5 Rg1 45. Re3 g4 46. c4 Ke7 47. Kb4 Kd7 48. Kc5 Kc7 49. Ng3 Ra1 50. Ra3 Re1 51. Kd4 1/2-1/2

[Event "NED-ch (Women)"]
[Site "Rheden"]
[Date "1995.??.??"]
[Round "?"]
[White "Slingerland, Caroline"]
[Black "De Kleuver, Esther"]
[Result "0-1"]
[WhiteElo "2260"]
[BlackElo "2165"]
[PlyCount "112"]
[EventDate "1995.??.??"]
[EventType "tourn"]
[EventRounds "9"]
[EventCountry "NED"]
[SourceTitle "EXT 2006"]
[Source "ChessBase"]
[SourceDate "2005.11.24"]
[SourceVersion "1"]
[SourceVersionDate "2005.11.24"]
[SourceQuality "1"]

1. e4 c5 2. Nf3 e6 3. d4 cxd4 4. Nxd4 Nf6 5. Nc3 d6 6. f4 a6 7. Qf3 Qb6 8. Nb3 Qc7 9. Bd3 b5 10. g4 Bb7 11. g5 Nfd7 12. Be3 Nc6 13. 0-0-0 g6 14. h4 h5 15. gxh6 Nf6 16. Kb1 0-0-0 17. Qe2 Nb4 18. a4 Nxd3 19. cxd3 Kd7 20. Rc1 Qb8 21. axb5 Nh5 22. Qg4 Bxh6 23. b6 Ke7 24. Rhe1 Nf6 25. Qg3 Rc8 26. Rc2 Nd7 27. Qf2 Bg7 28. f5 Ne5 29. fxg6 f6 30. Nc1 Ng4 31. Qg3 Nxe3 32. Rxe3 Bc6 33. d4 Bd7 34. e5 dxe5 35. dxe5 fxe5 36. Rf2 Rcf8 37. Qg5+ Ke8 38. Rf7 Rxf7 39. gxf7+ Kf8 40. Rd3 Bh6 41. Qg2 Ke7 42. Qe4 Bc8 43. Qb4+ Kxf7 44. Ne4 Bb7 45. Rd7+ Kg6 46. Nc5 Bf3 47. b7 Qf8 48. Qc4 Qf5+ 49. Ka1 Bd5 50. Qxa6 Bxb7 51. Qxb7 Bxc1 52. Rg7+ Kh5 53. Ne4 Kh6 54. Rg1 Rh7 55. Qa8 Be3 56. h5 Bxg1 0-1